<?xml version='1.0' encoding='UTF-8'?>
  <record xmlns="http://www.loc.gov/MARC21/slim">
    <leader>00000cam a2200000Ma 4500</leader>
    <controlfield tag="001">ocm78059191</controlfield>
    <controlfield tag="003">OCoLC</controlfield>
    <controlfield tag="005">20231213210205.5</controlfield>
    <controlfield tag="008">991130q14811487it            000 0 ita d</controlfield>
    <datafield tag="040" ind1=" " ind2=" ">
      <subfield code="a">HUV</subfield>
      <subfield code="b">eng</subfield>
      <subfield code="e">dcrmb</subfield>
      <subfield code="c">HUV</subfield>
      <subfield code="d">OCLCG</subfield>
      <subfield code="d">UIU</subfield>
      <subfield code="d">OCLCQ</subfield>
      <subfield code="d">OCLCO</subfield>
      <subfield code="d">OCLCQ</subfield>
      <subfield code="d">QGJ</subfield>
      <subfield code="d">OCLCF</subfield>
      <subfield code="d">OCLCL</subfield>
    </datafield>
    <datafield tag="029" ind1="1" ind2=" ">
      <subfield code="a">NLGGC</subfield>
      <subfield code="b">301833885</subfield>
    </datafield>
    <datafield tag="035" ind1=" " ind2=" ">
      <subfield code="a">(OCoLC)78059191</subfield>
    </datafield>
    <datafield tag="100" ind1="1" ind2=" ">
      <subfield code="a">Fernández de Santaella, Rodrigo,</subfield>
      <subfield code="d">1444-1509.</subfield>
      <subfield code="1">https://id.oclc.org/worldcat/entity/E39PBJdMhtpk64bfRv6tt9Tfv3</subfield>
    </datafield>
    <datafield tag="245" ind1="1" ind2="0">
      <subfield code="a">Elegantissima oratio habita per excellentissimu[m] artium [et] sacre thelogie [sic] magistrum d[omi]n[u]m Rodericum de Sancta Ella Hyspanum cora[m] Sixto IIII pon. max. in magna cardinalium prelatorumq[ue] frequentia In die parasceue anno D[omi]ni Mcccclxxvij.</subfield>
    </datafield>
    <datafield tag="246" ind1="3" ind2="0">
      <subfield code="a">In die parasceue anno Domini Mcccclxxvij</subfield>
    </datafield>
    <datafield tag="246" ind1="3" ind2=" ">
      <subfield code="a">Oratio in die Parasceves anno 1477</subfield>
    </datafield>
    <datafield tag="260" ind1=" " ind2=" ">
      <subfield code="a">[Rome :</subfield>
      <subfield code="b">Stephan Plannck,</subfield>
      <subfield code="c">ca. 1481-1487]</subfield>
    </datafield>
    <datafield tag="300" ind1=" " ind2=" ">
      <subfield code="a">[8] leaves ;</subfield>
      <subfield code="c">21 cm. (4to)</subfield>
    </datafield>
    <datafield tag="336" ind1=" " ind2=" ">
      <subfield code="a">text</subfield>
      <subfield code="b">txt</subfield>
      <subfield code="2">rdacontent</subfield>
    </datafield>
    <datafield tag="337" ind1=" " ind2=" ">
      <subfield code="a">unmediated</subfield>
      <subfield code="b">n</subfield>
      <subfield code="2">rdamedia</subfield>
    </datafield>
    <datafield tag="338" ind1=" " ind2=" ">
      <subfield code="a">volume</subfield>
      <subfield code="b">nc</subfield>
      <subfield code="2">rdacarrier</subfield>
    </datafield>
    <datafield tag="500" ind1=" " ind2=" ">
      <subfield code="a">A speech delivered before Pope Sixtus IV in the assembly of prelates in 1477.</subfield>
    </datafield>
    <datafield tag="500" ind1=" " ind2=" ">
      <subfield code="a">Caption title.</subfield>
    </datafield>
    <datafield tag="500" ind1=" " ind2=" ">
      <subfield code="a">Imprint from ISTC.</subfield>
    </datafield>
    <datafield tag="500" ind1=" " ind2=" ">
      <subfield code="a">Unsigned. (Collation: [a]⁸).</subfield>
    </datafield>
    <datafield tag="510" ind1="4" ind2=" ">
      <subfield code="a">Hain</subfield>
      <subfield code="c">13931*</subfield>
    </datafield>
    <datafield tag="510" ind1="4" ind2=" ">
      <subfield code="a">Goff</subfield>
      <subfield code="c">S-124</subfield>
    </datafield>
    <datafield tag="510" ind1="4" ind2=" ">
      <subfield code="a">BM 15th cent.,</subfield>
      <subfield code="c">IV, 90 (IA. 18651)</subfield>
    </datafield>
    <datafield tag="510" ind1="4" ind2=" ">
      <subfield code="a">GW</subfield>
      <subfield code="c">9789</subfield>
    </datafield>
    <datafield tag="510" ind1="4" ind2=" ">
      <subfield code="a">Proctor</subfield>
      <subfield code="c">3746</subfield>
    </datafield>
    <datafield tag="510" ind1="4" ind2=" ">
      <subfield code="a">Oates</subfield>
      <subfield code="c">1512</subfield>
    </datafield>
    <datafield tag="510" ind1="4" ind2=" ">
      <subfield code="a">ISTC (online)</subfield>
      <subfield code="c">is00124000</subfield>
    </datafield>
    <datafield tag="510" ind1="4" ind2=" ">
      <subfield code="a">Harman, M. Incunabula in the University of Illinois Library at Urbana-Champaign (1979),</subfield>
      <subfield code="c">383</subfield>
    </datafield>
    <datafield tag="510" ind1="4" ind2=" ">
      <subfield code="a">IDL</subfield>
      <subfield code="c">4050</subfield>
    </datafield>
    <datafield tag="655" ind1=" " ind2="0">
      <subfield code="a">Incunabula</subfield>
      <subfield code="z">Italy</subfield>
      <subfield code="z">Rome</subfield>
      <subfield code="y">1481.</subfield>
    </datafield>
    <datafield tag="655" ind1=" " ind2="7">
      <subfield code="a">Incunabula.</subfield>
      <subfield code="2">fast</subfield>
      <subfield code="0">(OCoLC)fst02070682</subfield>
    </datafield>
    <datafield tag="700" ind1="1" ind2=" ">
      <subfield code="a">Plannck, Stephan,</subfield>
      <subfield code="d">active 15th century,</subfield>
      <subfield code="e">printer.</subfield>
      <subfield code="1">https://id.oclc.org/worldcat/entity/E39PCjyHHhfypvJFwF6wkC6mQy</subfield>
    </datafield>
    <datafield tag="752" ind1=" " ind2=" ">
      <subfield code="a">Italy</subfield>
      <subfield code="d">Rome.</subfield>
    </datafield>
  </record>